Statistics for Top 25 Transfers - Football Season 2020/21

Click here to take the quiz!

General Stats

  • This quiz has been taken 54 times
  • The average score is 22 of 25

Answer Stats

FromToNatPosFeePlayer% Correct
Bayer LeverkusenChelseaGERAM€80.00mKai Havertz
100%
Manchester CityFC BayernGERLW€60.00mLeroy Sané
98%
BenficaManchester CityPORCB€68.00mRúben Dias
98%
RB LeipzigChelseaGERST€53.00mTimo Werner
98%
Real MadridInterMARRB
€43.00m
Achraf Hakimi
94%
WolverhamptonLiverpoolPORLW€44.70mDiogo Jota
94%
BournemouthManchester CityNEDCB€45.30mNathan Aké
94%
Atlético MadridArsenalGHA
DM
€50.00mThomas Partey
94%
AjaxChelseaMARAM€40.00mHakim Ziyech
92%
BarcelonaJuventusBRACM€72.00mArthur
90%
AjaxManchester UnitedNEDCM€39.00mDonny van de Beek
90%
InterParis SGARGST€50.00mMauro Icardi
90%
JuventusBarcelonaBIHCM€60.00mMiralem Pjanic
90%
ChelseaAtlético MadridESPST€35.00mÁlvaro Morata
88%
LeicesterChelseaENGLV€50.20mBen Chilwell
88%
BarcelonaWolverhamptonPORRB€32.00mNélson Semedo
88%
LOSC LilleNapoliNIGST€71.25mVictor Osimhen
86%
Cagliari CalcioInterITACM€32.50mNicolò Barella
82%
ValenciaLeeds UnitedESPCF€30.00mRodrigo
82%
Real BetisTottenham HotspursARGCM€32.00mGiovani Lo Celso
78%
SC BragaBarcelonaPORRW€31.00mFrancisco Trincão
76%
Real MadridTottenham HotspursESPLB€30.00mSergio Reguilón
76%
Saint-ÉtienneLeicesterFRACB€35.00mWesley Fofana
76%
BrentfordAston VillaENGST€34.00mOllie Watkins
65%
FC PortoWolverhamptonPORST€40.00mFábio Silva
63%

Score Distribution

Percentile by Number Answered

Percent of People with Each Score

Your Score History

You have not taken this quiz